00544nam a2200181 a 4500001001300000003000900013005001700022008004100039020002300080082001800103100001900121245008900140260003700229300000900266500003500275505002600310650002600336nice12345678IN_TiNIC20260116014348.0100329s2006 seca grp 000 0 eng  a9798173627087c34900a261.8344bTUC aTucker, Ruth A aDaughters of the Churchb Women and Ministry from New Testament Times to the Present aSec-Bad bAuthentic Books c2006 a552p aincludes index and biblioraphy2 aBibliography, Indices aWomen in Christianity